000 00780nam a2200229 i 4500
001 000031684
003 DO-SdBNP
005 20240723100939.0
007 ta
008 110630n19-- dr ac 000 | spa d
040 _aDO-SdBNP
_bspa
_cBNPHU
_erda
049 _aBNPD
082 4 _bB862V
_222
100 1 _aViguera Ozuna, Vinicio,
_d1921-
_957966
_eautor
245 1 0 _aSan Pedro De Macorís :
_bpunto de arranque en la exitosa carrera artística de Eduardo Brito /
_cVinicio Viguera Ozuna.
264 _aSan Pedro de Macorís, República Dominicana :
_bEditora 23,
_c199-?.
300 _a[20] páginas :
_bilustraciones, retratos ;
_c22 cm.
336 _2rdacontent
_atexto
_btxt
337 _2rdamedia
_asin mediación
_bn
338 _2rdacarrier
_avolumen
_bnc
942 _2ddc
_cLBS1
999 _c31176
_d31176